Celso Emilio Ferreiro (Record no. 121658)

MARC details
000 -LEADER
campo de control de longitud fija 00764nam a2200217 4500
001 - NÚMERO DE CONTROL
campo de control 121658
003 - IDENTIFICADOR DE NÚMERO DE CONTROL
campo de control ES-MaACL
005 - FECHA Y HORA DE LA ÚLTIMA TRANSACCIÓN
campo de control 20230906191808.0
007 - CAMPO FIJO DE DESCRIPCIÓN FÍSICA--INFORMACIÓN GENERAL
campo de control de longitud fija t|
008 - DATOS DE LONGITUD FIJA--INFORMACIÓN GENERAL
campo de control de longitud fija 070214s1981 sp r ||||1| spa d
100 1# - ENTRADA PRINCIPAL--NOMBRE DE PERSONA
Nombre de persona Porteiro, María José.
9 (RLIN) 93199
245 10 - MENCIÓN DEL TÍTULO
Título Celso Emilio Ferreiro
Resto del título : compañero del viento y las estrellas = Celso Emilio Ferreiro : compañeiro do vento e das estrelas /
Mención de responsabilidad, etc. María José Porteiro, José Antonio Perozo.
250 ## - MENCION DE EDICION
Mención de edición edición bilingüe español-gallego.
260 ## - PUBLICACIÓN, DISTRIBUCIÓN, ETC.
Lugar de publicación, distribución, etc. Madrid :
Nombre del editor, distribuidor, etc. Akal,
Fecha de publicación, distribución, etc. 1981.
300 ## - DESCRIPCIÓN FÍSICA
Extensión 147 p., 8 lám. ;
Dimensiones 18 cm.
490 1# - MENCIÓN DE SERIE
Mención de serie Arealonga ;
Designación de volumen o secuencia 57
700 1# - ENTRADA AGREGADA--NOMBRE PERSONAL
Nombre de persona Perozo, José Antonio.
9 (RLIN) 91326
830 0# - PUNTO DE ACCESO ADICIONAL DE SERIE-TÍTULO UNIFORME
Título uniforme Arealonga ;
Designación de volumen o secuencia 57
9 (RLIN) 183473
852 ## - LOCALIZACIÓN
Ubicación ES-MaACL
Número de control de estantería L-2700
Sublocalización o colección R.102771
Holdings
Estatus retirado Estado de pérdida Estado de daño No para préstamo Biblioteca de origen Biblioteca actual Ubicación en estantería Fecha de adquisición Fuente de adquisición Total de préstamos Signatura topográfica completa Código de barras Visto por última vez Precio de reemplazo Tipo de ítem Koha
        Biblioteca del Ateneo de Madrid Biblioteca del Ateneo de Madrid Depósito 2 17/01/2008     L-2700 1126783 23/02/2023 23/02/2023 Libro impreso